[Event "Voronezh op 06"]
[Site "Voronezh"]
[Date "2012.06.28"]
[Round "3"]
[White "Belov, Yury"]
[Black "Krylovetsky, Dmitry"]
[Result "1-0"]
[WhiteElo "1783"]
[BlackElo "1924"]
[PlyCount "71"]
[EventDate "2012.06.26"]
[EventType "swiss"]
[EventRounds "9"]
[EventCountry "RUS"]
[SourceTitle "EXT 2013"]
[Source "ChessBase"]
[SourceDate "2012.11.22"]
[SourceVersion "1"]
[SourceVersionDate "2012.11.22"]
[SourceQuality "1"]

1. d4 d5 2. Nf3 c6 3. h3 Qc7 4. e3 Nf6 5. Bd3 Nbd7 6. 0-0 e5 7. dxe5 Nxe5 8. Nxe5 Qxe5 9. f4 Qe6 10. Qf3 Bc5 11. Bd2 0-0 12. Kh1 b5 13. b4 Bb6 14. a4 bxa4 15. Nc3 Re8 16. Rfe1 Ne4 17. Bxe4 dxe4 18. Qg3 Rd8 19. Nxa4 Bc7 20. Bc3 Qg6 21. Qf2 Ba6 22. Bd4 Bb5 23. Nc3 a6 24. Rg1 Qd6 25. Qg3 Qg6 26. Qxg6 hxg6 27. Nxe4 Bxf4 28. Nd2 Be5 29. c4 Bxd4 30. exd4 Rxd4 31. cxb5 Rxd2 32. bxc6 Kf8 33. b5 Rc2 34. Rgd1 a5 35. Rd7 a4 36. c7 1-0

[Event "Voronezh op 06"]
[Site "Voronezh"]
[Date "2012.06.26"]
[Round "1"]
[White "Chuprikov, Dmitry"]
[Black "Krylovetsky, Dmitry"]
[Result "1-0"]
[WhiteElo "2386"]
[BlackElo "1924"]
[PlyCount "65"]
[EventDate "2012.06.26"]
[EventType "swiss"]
[EventRounds "9"]
[EventCountry "RUS"]
[SourceTitle "EXT 2013"]
[Source "ChessBase"]
[SourceDate "2012.11.22"]
[SourceVersion "1"]
[SourceVersionDate "2012.11.22"]
[SourceQuality "1"]

1. d4 Nf6 2. c4 e6 3. Nc3 d5 4. cxd5 exd5 5. Bg5 Be7 6. e3 0-0 7. Bd3 c6 8. Qc2 h6 9. Bh4 Re8 10. Nge2 Nbd7 11. f3 Nh5 12. Bf2 Nf8 13. 0-0-0 Bg5 14. f4 Be7 15. h3 g6 16. Kb1 Ng7 17. g4 Bh4 18. Rc1 a5 19. f5 gxf5 20. gxf5 h5 21. Rhg1 Bf6 22. Rg2 Nh7 23. Rcg1 Kh8 24. h4 b5 25. e4 b4 26. e5 bxc3 27. exf6 Qxf6 28. Rxg7 Qxg7 29. Rxg7 Kxg7 30. Qxc3 Bd7 31. Qd2 Rh8 32. Bg3 a4 33. f6+ 1-0

[Event "Voronezh-ch Seniors"]
[Site "Voronezh"]
[Date "2011.10.28"]
[Round "4.12"]
[White "Yakovich, Yuri"]
[Black "Krylovetsky, Dmitry"]
[Result "0-1"]
[WhiteElo "2539"]
[BlackElo "1928"]
[PlyCount "74"]
[EventDate "2011.10.25"]
[EventType "swiss"]
[EventRounds "8"]
[EventCountry "RUS"]
[SourceTitle "EXT 2022"]
[Source "ChessBase"]
[SourceDate "2021.10.06"]
[SourceVersion "1"]
[SourceVersionDate "2021.10.06"]
[SourceQuality "1"]

1. e4 d5 2. exd5 Qxd5 3. Nc3 Qd6 4. h3 e5 5. Nf3 Nc6 6. d3 Nf6 7. Bg5 Be7 8. Be2 0-0 9. 0-0 Bf5 10. Nh4 Be6 11. Bxf6 Bxf6 12. Ne4 Qe7 13. Nf3 Rad8 14. a3 g6 15. Nxf6+ Qxf6 16. Qe1 Rfe8 17. b4 a6 18. Kh1 Bc8 19. Nd2 b6 20. Ne4 Qg7 21. c3 f5 22. Ng3 Ne7 23. Rd1 Bb7 24. f4 Nd5 25. Qd2 exf4 26. Nxf5 gxf5 27. Bf3 c6 28. Bxd5+ cxd5 29. Rxf4 Bc8 30. Rg1 Rd6 31. Qf2 Rg6 32. d4 Re4 33. Kh2 Qc7 34. g3 Qxc3 35. g4 Qc7 36. Kg3 fxg4 37. Kh4 Rxf4 0-1